<?xml version="1.0" encoding="UTF-8"?>
<marc:record xmlns:marc="http://www.loc.gov/MARC21/slim">
   <marc:leader>00000nam a2200000 a 4500</marc:leader>
   <marc:datafield ind1="1" ind2=" " tag="100">
      <marc:subfield code="a">Nilsson, Frida</marc:subfield>
      <marc:subfield code="4">aut</marc:subfield>
      <marc:subfield code="e">Verfasser/-in</marc:subfield>
   </marc:datafield>
   <marc:datafield ind1="0" ind2="0" tag="245">
      <marc:subfield code="a">Ich, Dante und die Millionen</marc:subfield>
   </marc:datafield>
   <marc:datafield ind1="0" ind2="0" tag="245">
      <marc:subfield code="c">Frida Nilsson. Mit Bildern von Ulf K. Aus dem Schwed. von Friederike Buchinger</marc:subfield>
   </marc:datafield>
   <marc:datafield ind1=" " ind2="1" tag="264">
      <marc:subfield code="a">Hildesheim</marc:subfield>
      <marc:subfield code="b">Gerstenberg</marc:subfield>
      <marc:subfield code="c">2009</marc:subfield>
   </marc:datafield>
   <marc:datafield ind1="1" ind2=" " tag="520">
      <marc:subfield code="a">Angaben aus der Verlagsmeldung

Ich, Dante und die Millionen / von Frida Nilsson

Helge wähnt sich auf dem Höhepunkt seiner Karriere, als er zum Bankdirektor befördert wird. Doch dann werden sein Deluxe-Direktorenkoffer und, schlimmer noch, 10 Millionen aus dem Safe der Bank geklaut. Und niemand anders als Helge selbst wird verdächtigt! Hals über Kopf unternimmt Helge einen gewagten Fluchtversuch und strandet schließlich auf einer Müllhalde. Hier trifft er auf eine struppige Ratte namens Dante. Dass just dieser Dante sein bester Freund werden wird, nein, das mag Helge nicht glauben! Und auch nicht, dass die Abenteuer jetzt erst so richtig anfangen ...
Eine herrlich komische und höchst herzerwärmende Geschichte über eine ungleiche Freundschaft und darüber, was wirklich wichtig ist im Leben!
</marc:subfield>
   </marc:datafield>
   <marc:datafield ind1=" " ind2=" " tag="020">
      <marc:subfield code="a">9783836952682</marc:subfield>
      <marc:subfield code="9">9783836952682</marc:subfield>
   </marc:datafield>
   <marc:datafield ind1=" " ind2=" " tag="041">
      <marc:subfield code="a">ger</marc:subfield>
   </marc:datafield>
   <marc:datafield ind1=" " ind2=" " tag="300">
      <marc:subfield code="a">141 S. : Ill.</marc:subfield>
   </marc:datafield>
</marc:record>
